The insects pests on cashew tree in cheung prey district kompong cham province សត្វល្អិតលើដំណាំស្វាយចន្ទី​ក្នុងល័ក្ខខ័ណ្ឌស្រុកជើងព្រៃ ខេត្ដកំពង់ចាម (Record no. 866)

000 -LEADER
fixed length control field 00647nam a22001577a 4500
003 - CONTROL NUMBER IDENTIFIER
control field OSt
005 - DATE AND TIME OF LATEST TRANSACTION
control field 20150920083228.0
008 - FIXED-LENGTH DATA ELEMENTS--GENERAL INFORMATION
fixed length control field 150920b xxu||||| |||| 00| 0 eng d
040 ## - CATALOGING SOURCE
Transcribing agency RUA
082 ## - DEWEY DECIMAL CLASSIFICATION NUMBER
Classification number AGR HEA 2008 B038 Or.1
100 ## - MAIN ENTRY--PERSONAL NAME
9 (RLIN) 898
Personal name HEAN, SEREIVUTH.
245 ## - TITLE STATEMENT
Title The insects pests on cashew tree in cheung prey district kompong cham province សត្វល្អិតលើដំណាំស្វាយចន្ទី​ក្នុងល័ក្ខខ័ណ្ឌស្រុកជើងព្រៃ ខេត្ដកំពង់ចាម
260 ## - PUBLICATION, DISTRIBUTION, ETC. (IMPRINT)
Place of publication, distribution, etc. Phnom Penh
Name of publisher, distributor, etc. RUA
Date of publication, distribution, etc. 2008
300 ## - PHYSICAL DESCRIPTION
Extent xiii; 72p.
Other physical details ill.
Dimensions 29cm.
942 ## - ADDED ENTRY ELEMENTS (KOHA)
Source of classification or shelving scheme
Koha item type AGR
Holdings
Price effective from Date last seen Permanent Location Not for loan Date acquired Source of classification or shelving scheme Koha item type Lost status Withdrawn status Total Renewals Date last checked out Total Checkouts Shelving location Damaged status Barcode Current Location Full call number
2015-09-202025-05-28Library Block B 2015-09-20 AGR  12025-05-064B038 RUA002376Library Block BAGR HEA 2008 B038 Or.1
2015-09-202026-01-02Library Block B 2015-09-20 AGR   2025-11-261B038 RUA002487Library Block BAGR HEA 2008 B038 Or.2
2015-09-202024-12-30Library Block B 2015-09-20 AGR   2024-12-124B038 RUA002426Library Block BAGR HEA 2008 B038 Or.3
មជ្ឈមណ្ឌលឯការនៃសាកលវិទ្យាល័យភូមិន្ទកសិកម្មចំការដូង

Powered by Koha